عرض عادي
عرض مارك
- Battista, Elisabetta.
مدخل إسم شخص
001 - رقم الضبط
- حقل الضبط: 36108
003 - معرف رقم الضبط
- حقل الضبط: OSt
005 - تاريخ ووقت أخر عملية
- حقل الضبط: 20130622150105.0
008 - عناصر بيانات ثابتة الطول
- حقل تحكم ثابت الطول: 130622|||a|||||| | ||| d
040 ## - مصدر الفهرسة
- هيئة الفهرسة الأصلية: OSt
- وكالة الكتابة: OSt
100 ## - مدخل -- أسم شخص
- إسم شخص: Battista, Elisabetta.
670 ## - بيانات المصدر موجوده
- الاستشهاد بالمصدر: Work cat.: (OSt)0: Battista, Elisabetta., Pharmacology /, 2011.
